000 00717 a2200229 4500
005 20260330155033.0
008 260330b |||||||| |||| 00| 0 eng d
020 _a978-81-269-4228-2
037 _cTB
040 _aCRL
_cCRL
041 _2eng
_aeng
084 _aV2:2.P1 R6
_qCRL
100 _aAnanth, V. Krishna
_91115705
245 _aConstitution of India : 75 years of world's largest democracy
260 _aNew Delhi, India:
_bAtlantic,
_c2026.
300 _a1011p.
365 _b1895.00
_cINR
650 _aHistory-India
650 _aConstitution-India
_91232085
942 _cTB
_2CC
_hV2:2.P1 R6
999 _c1679612
_d1679612